Význam daňovej politiky pri riešení sociálnych problémov a podpore trvalo udržateľného rozvoja
Trvalo udržateľný rozvoj na Slovensku. Indikátory trvalo udržateľného rozvoja. Sociálno-ekonomická situácia na Slovensku. Pracovná sila a ekonomická aktivita. Miera využitia pracovnej sily - porovnanie skutočnej odpracovanej doby s fondom pracovného času. Priemerný počet odpracovaných hodín na 1 zam...
Guardado en:
| Autor principal: | |
|---|---|
| Formato: | Capítulo de libro |
| Lenguaje: | eslovaco |
| Materias: | |
| Etiquetas: |
Sin Etiquetas, Sea el primero en etiquetar este registro!
|
MARC
| LEADER | 00000naa$a2200000$$$4500 | ||
|---|---|---|---|
| 001 | 0098132 | ||
| 005 | 20240502072102.1 | ||
| 041 | 0 | |a slo | |
| 044 | |a SK | ||
| 245 | 1 | 0 | |a Význam daňovej politiky pri riešení sociálnych problémov a podpore trvalo udržateľného rozvoja |c Denisa Kitová |
| 520 | |a Trvalo udržateľný rozvoj na Slovensku. Indikátory trvalo udržateľného rozvoja. Sociálno-ekonomická situácia na Slovensku. Pracovná sila a ekonomická aktivita. Miera využitia pracovnej sily - porovnanie skutočnej odpracovanej doby s fondom pracovného času. Priemerný počet odpracovaných hodín na 1 zamestnanca za rok v krajinách OECD (2000-2007). Miera zamestnanosti a miera nezamestnanosti (2000-2007). Využitie nástrojov daňovej politiky na podporu trvalo udržateľného rozvoja. | ||
| 610 | 2 | 0 | |a rozvoj trvalo udržateľný |
| 610 | 2 | 0 | |a situácia sociálna |
| 610 | 2 | 0 | |a zamestnanosť |
| 610 | 2 | 0 | |a nezamestnanosť |
| 610 | 2 | 0 | |a politika daňová |
| 610 | 2 | 0 | |a rozvoj hospodársky |
| 100 | 1 | |a Kitová, Denisa, 1983- | |